<?xml version="1.0" encoding="UTF-8"?>
<collection xmlns="http://www.loc.gov/MARC21/slim">
 <record>
  <leader>03783pam a22002658a 4500</leader>
  <controlfield tag="001">00021952</controlfield>
  <controlfield tag="005">20171026081025.0</controlfield>
  <controlfield tag="008">110527s2004                  ||||||Viesd</controlfield>
  <datafield tag="041" ind1="0" ind2="#">
   <subfield code="a">Vie</subfield>
  </datafield>
  <datafield tag="082" ind1="1" ind2="4">
   <subfield code="a">155</subfield>
   <subfield code="b">GI108TR</subfield>
  </datafield>
  <datafield tag="100" ind1="0" ind2="#">
   <subfield code="a">Nguyễn Kế Hào</subfield>
   <subfield code="e">chủ biên</subfield>
  </datafield>
  <datafield tag="245" ind1="0" ind2="0">
   <subfield code="a">Giáo trình tâm lí học lứa tuổi và tâm lí học sư phạm</subfield>
   <subfield code="b">Dành cho các trường sư phạm đào tạo giáo viên THCS</subfield>
   <subfield code="c">Nguyễn Kế Hào, Nguyễn Quang Uẩn</subfield>
  </datafield>
  <datafield tag="260" ind1="#" ind2="#">
   <subfield code="a">H.</subfield>
   <subfield code="b">Đại học sư phạm</subfield>
   <subfield code="c">2004</subfield>
  </datafield>
  <datafield tag="300" ind1="#" ind2="#">
   <subfield code="a">129 tr.</subfield>
   <subfield code="c">24 cm.</subfield>
  </datafield>
  <datafield tag="500" ind1="#" ind2="#">
   <subfield code="a">ĐTTS ghi : Bộ GD &amp; ĐT. Dự án đào tạo giáo viên THCS</subfield>
  </datafield>
  <datafield tag="650" ind1="#" ind2="4">
   <subfield code="a">Giáo trình</subfield>
  </datafield>
  <datafield tag="650" ind1="#" ind2="4">
   <subfield code="a">Tâm lí học lứa tuổi</subfield>
  </datafield>
  <datafield tag="653" ind1="#" ind2="#">
   <subfield code="a">Tâm lí học sư phạm</subfield>
  </datafield>
  <datafield tag="700" ind1="0" ind2="#">
   <subfield code="a">Nguyễn Quang Uẩn</subfield>
   <subfield code="e">tác giả</subfield>
  </datafield>
  <datafield tag="852" ind1="#" ind2="#">
   <subfield code="b">Kho mượn</subfield>
   <subfield code="j">KGT.0019900</subfield>
  </datafield>
  <datafield tag="852" ind1="#" ind2="#">
   <subfield code="b">Kho đọc</subfield>
   <subfield code="j">KD.0007871</subfield>
  </datafield>
  <datafield tag="852" ind1="#" ind2="#">
   <subfield code="j">KGT.0019900, KGT.0019901, KGT.0019902, KGT.0019903, KGT.0019904, KGT.0019905, KGT.0019906, KGT.0019907, KGT.0019908, KGT.0019909, KGT.0019910, KGT.0019911, KGT.0019912, KGT.0019913, KGT.0019914, KGT.0019915, KGT.0019916, KGT.0019917, KGT.0019918, KGT.0019919, KGT.0019920, KGT.0019921, KGT.0019922, KGT.0019923, KGT.0019924, KGT.0019925, KGT.0019926, KGT.0019927, KGT.0019928, KGT.0019929, KGT.0019930, KGT.0019931, KGT.0019932, KGT.0019933, KGT.0019934, KGT.0019935, KGT.0019936, KGT.0019937, KGT.0019938, KGT.0019939, KGT.0019940, KGT.0019941, KGT.0019942, KGT.0019943, KGT.0019944, KGT.0019945, KGT.0019946, KGT.0019947, KGT.0019948, KGT.0019949, KGT.0019950, KGT.0019951, KGT.0019952, KGT.0019953, KGT.0019954, KGT.0019955, KGT.0019956, KGT.0019957, KGT.0019958, KGT.0019959, KGT.0019960, KGT.0019961, KGT.0019962, KGT.0019963, KGT.0019964, KGT.0019965, KGT.0019966, KGT.0019967, KGT.0019968, KGT.0019969, KGT.0019970, KGT.0019971, KGT.0019972, KGT.0019973, KGT.0019974, KGT.0019975, KGT.0019976, KGT.0019977, KGT.0019978, KGT.0019979, KGT.0019980, KGT.0019981, KGT.0019982, KGT.0019983, KGT.0019984, KGT.0019985, KGT.0019986, KGT.0019987, KGT.0019988, KGT.0019989, KGT.0019990, KGT.0019991, KGT.0019992, KGT.0019993, KGT.0019994, KGT.0019995, KGT.0019996, KGT.0019997, KGT.0019998, KGT.0019999, KGT.0020000, KGT.0020001, KGT.0032363</subfield>
   <subfield code="b">Kho giáo trình</subfield>
  </datafield>
  <datafield tag="852" ind1="#" ind2="#">
   <subfield code="j">KGT.0019944</subfield>
   <subfield code="j">KGT.0019946</subfield>
   <subfield code="j">KGT.0019947</subfield>
   <subfield code="j">KGT.0019900</subfield>
   <subfield code="j">KGT.0019901</subfield>
   <subfield code="j">KGT.0019903</subfield>
   <subfield code="j">KGT.0019904</subfield>
   <subfield code="j">KGT.0019906</subfield>
   <subfield code="j">KGT.0019949</subfield>
   <subfield code="j">KGT.0019950</subfield>
   <subfield code="j">KGT.0019952</subfield>
   <subfield code="j">KGT.0019953</subfield>
   <subfield code="j">KGT.0019955</subfield>
   <subfield code="j">KGT.0019956</subfield>
   <subfield code="j">KGT.0019958</subfield>
   <subfield code="j">KGT.0019959</subfield>
   <subfield code="j">KGT.0019963</subfield>
   <subfield code="j">KGT.0019965</subfield>
   <subfield code="j">KGT.0019966</subfield>
   <subfield code="j">KGT.0019968</subfield>
   <subfield code="j">KGT.0019969</subfield>
   <subfield code="j">KGT.0019973</subfield>
   <subfield code="j">KGT.0019974</subfield>
   <subfield code="j">KGT.0019976</subfield>
   <subfield code="j">KGT.0019977</subfield>
   <subfield code="j">KGT.0019979</subfield>
   <subfield code="j">KGT.0019982</subfield>
   <subfield code="j">KGT.0019984</subfield>
   <subfield code="j">KGT.0019985</subfield>
   <subfield code="j">KGT.0019987</subfield>
   <subfield code="j">KGT.0019988</subfield>
   <subfield code="j">KGT.0019992</subfield>
   <subfield code="j">KGT.0019994</subfield>
   <subfield code="j">KGT.0019995</subfield>
   <subfield code="j">KGT.0019997</subfield>
   <subfield code="j">KGT.0019998</subfield>
   <subfield code="j">KGT.0019908</subfield>
   <subfield code="j">KGT.0019909</subfield>
   <subfield code="j">KGT.0019910</subfield>
   <subfield code="j">KGT.0019912</subfield>
   <subfield code="j">KGT.0019913</subfield>
   <subfield code="j">KGT.0019915</subfield>
   <subfield code="j">KGT.0019916</subfield>
   <subfield code="j">KGT.0019918</subfield>
   <subfield code="j">KGT.0019919</subfield>
   <subfield code="j">KGT.0019921</subfield>
   <subfield code="j">KGT.0019924</subfield>
   <subfield code="j">KGT.0019925</subfield>
   <subfield code="j">KGT.0019926</subfield>
   <subfield code="j">KGT.0019927</subfield>
   <subfield code="j">KGT.0019929</subfield>
   <subfield code="j">KGT.0019930</subfield>
   <subfield code="j">KGT.0019932</subfield>
   <subfield code="j">KGT.0019933</subfield>
   <subfield code="j">KGT.0019935</subfield>
   <subfield code="j">KGT.0019936</subfield>
   <subfield code="j">KGT.0019938</subfield>
   <subfield code="j">KGT.0019939</subfield>
   <subfield code="j">KGT.0019941</subfield>
   <subfield code="j">KGT.0019943</subfield>
   <subfield code="j">KGT.0032363</subfield>
   <subfield code="j">KD.0007871</subfield>
   <subfield code="j">KGT.0019962</subfield>
   <subfield code="j">KGT.0019971</subfield>
   <subfield code="j">KGT.0019972</subfield>
   <subfield code="j">KGT.0019981</subfield>
   <subfield code="j">KGT.0019989</subfield>
   <subfield code="j">KGT.0019999</subfield>
   <subfield code="j">KGT.0020000</subfield>
   <subfield code="j">KGT.0048912</subfield>
   <subfield code="j">KGT.0019902</subfield>
   <subfield code="j">KGT.0019905</subfield>
   <subfield code="j">KGT.0019907</subfield>
   <subfield code="j">KGT.0019911</subfield>
   <subfield code="j">KGT.0019914</subfield>
   <subfield code="j">KGT.0019917</subfield>
   <subfield code="j">KGT.0019920</subfield>
   <subfield code="j">KGT.0019922</subfield>
   <subfield code="j">KGT.0019923</subfield>
   <subfield code="j">KGT.0019928</subfield>
   <subfield code="j">KGT.0019931</subfield>
   <subfield code="j">KGT.0019934</subfield>
   <subfield code="j">KGT.0019937</subfield>
   <subfield code="j">KGT.0019940</subfield>
   <subfield code="j">KGT.0019942</subfield>
   <subfield code="j">KGT.0019945</subfield>
   <subfield code="j">KGT.0019948</subfield>
   <subfield code="j">KGT.0019951</subfield>
   <subfield code="j">KGT.0019954</subfield>
   <subfield code="j">KGT.0019957</subfield>
   <subfield code="j">KGT.0019960</subfield>
   <subfield code="j">KGT.0019961</subfield>
   <subfield code="j">KGT.0019964</subfield>
   <subfield code="j">KGT.0019967</subfield>
   <subfield code="j">KGT.0019970</subfield>
   <subfield code="j">KGT.0019975</subfield>
   <subfield code="j">KGT.0019978</subfield>
   <subfield code="j">KGT.0019980</subfield>
   <subfield code="j">KGT.0019983</subfield>
   <subfield code="j">KGT.0019986</subfield>
   <subfield code="j">KGT.0019990</subfield>
   <subfield code="j">KGT.0019991</subfield>
   <subfield code="j">KGT.0019993</subfield>
   <subfield code="j">KGT.0019996</subfield>
   <subfield code="j">KGT.0020001</subfield>
  </datafield>
  <datafield tag="910" ind1="0" ind2="#">
   <subfield code="a">nhnam</subfield>
   <subfield code="d">27/05/2011</subfield>
  </datafield>
  <datafield tag="980" ind1="#" ind2="#">
   <subfield code="a">Trung tâm Học liệu Lê Vũ Hùng, Trường Đại học Đồng Tháp</subfield>
  </datafield>
 </record>
</collection>
